000 00713cab a2200229 4500
001 ABS46561
008 090401t1992 xxu||||| |||| 00| 0 eng d
035 _a(Sirsi) u58751
041 _aeng
100 _aBurton, I.
245 _aToo many cooks let coastal defence slip
260 _c1992
350 _a0
490 _aPlanning (for the Natural and Built Environment)
_v(972) 12 June 1992, 13(1)
520 _aReview of the National Audit Office`s critical report on the planning and management of the country`s coastal defence systems.
650 _aCOAST LINE
650 _aCOAST PROTECTION ACT 1949
650 _aCOASTAL DEFENCES
690 _aCONSERVATION
942 _n0
948 _c04/03/1997
999 _c35928
_d35928